| Поле | Название | Значение |
| |
Тип записи |
a |
| |
Библиографический уровень |
m |
| 001 |
Контрольный номер |
RU/ГПНТБ России/IBIS/84(2Рос=411.2)6/Г 83-477670557 |
| 005 |
Дата корректировки |
20260615114904.1 |
| 010 |
Индекс ISBN |
__ |
| a |
ISBN |
978-5-378-35426-9 |
| b |
Уточнения |
в пер. |
| 9 |
Тираж |
3000 |
| 100 |
Данные общей обработки |
__ |
| a |
Данные общей обработки |
20260615d2025 cc y0rusy0250 |
| 101 |
Язык документа |
0_ |
| a |
Язык текста |
rus |
| 102 |
Страна публикации |
__ |
| a |
Страна публикации |
RU |
| 105 |
Кодированные данные (монография) |
__ |
| a |
Кодированные данные (монография) |
y z 000ay |
| 181 |
Поле кодированных данных: вид содержания |
_0 |
| a |
Код вида содержания (ISBD) |
i |
| 182 |
Поле кодированных данных: тип средства |
_0 |
| a |
Код типа средства (ISBD) |
n |
| 200 |
Заглавие и сведения об ответственности |
1_ |
| a |
Заглавие |
Я ушел на войну |
| f |
Первые сведения об ответственности |
Константин Григорьев |
| g |
Последующие сведения об ответственности |
[художник Андрей Арестов] |
| 203 |
Вид содержания и тип средства |
__ |
| c |
Тип средства |
непосредственный |
| a |
Вид содержания |
Текст |
| 210 |
Выходные данные |
1_ |
| a |
Место издания |
Ростов-на-Дону |
| c |
Издательство |
Проф-Пресс |
| d |
Дата издания |
2025 |
| 215 |
Физическое описание |
__ |
| a |
Объем |
95 с. |
| d |
Формат |
20 см |
| 225 |
Серия |
2_ |
| a |
Серия |
Книги о Великой Отечественной войне |
| 333 |
Примечание о целевом назначении |
__ |
| a |
Примечание о целевом назначении |
информационная продукция для детей, достигших возраста двенадцати лет |
| 333 |
Примечание о целевом назначении |
__ |
| a |
Примечание о целевом назначении |
для детей от 8 до 10 лет |
| 333 |
Примечание о целевом назначении |
__ |
| a |
Примечание о целевом назначении |
Для учащихся 1-4 классов |
| 517 |
Другие варианты заглавия |
1_ |
| a |
Другие варианты заглавия |
Я ушёл на войну |
| 606 |
Тематические рубрики |
__ |
| a |
Основная рубрика |
Русская литература Новейшего времени (октябрь 1917 г. - ) (произведения) |
| x |
Основная подрубрика |
Проза |
| z |
Хронологическая подрубрика |
XX в. |
| 2 |
Код системы |
nlr_sh |
| 686 |
Индексы других классификаций |
__ |
| 2 |
Код системы |
rubbk |
| a |
Классификационный индекс |
84(2Рос=411.2)6 |
| 686 |
Индексы других классификаций |
__ |
| 2 |
Код системы |
rugasnti |
| a |
Классификационный индекс |
17.82.93 |
| 700 |
Автор |
_1 |
| a |
Фамилия |
Григорьев |
| b |
Имя |
К. А. |
| g |
Полное личное имя |
Константин Андреевич |
| f |
Даты |
1968-2008 |
| 4 |
Код отношения |
070 |
| 702 |
Вторичная интеллектуальная ответственность |
_1 |
| a |
Фамилия |
Арестов |
| b |
Имя |
А. В. |
| g |
Полное личное имя |
Андрей Васильевич |
| f |
Даты |
1956- |
| 4 |
Код отношения |
440 |
| 801 |
Источник записи |
_0 |
| b |
Организация |
ГПНТБ России |
| a |
Страна |
RU |
| c |
Дата составления |
20260615 |
| 801 |
Источник записи |
_1 |
| b |
Организация |
ГПНТБ России |
| a |
Страна |
RU |
| c |
Дата составления |
20260615 |
| 852 |
Данные о местонахождении |
5_ |
| a |
Наименование организации |
ГПНТБ России |
| m |
Суффикс шифра хранения |
106153 |
| b |
Сигла хранения |
ЦГБ |
| j |
Шифр хранения |
84(2Рос=411.2)6 |
| p |
Инвентарный номер |
RU |
| 899 |
Данные о местонахождении |
__ |
| a |
Местонахождение |
ГПНТБ России |
| p |
Штрих-код |
106153 |
| b |
Место хранения |
ЦГБ |
| h |
Классификационная часть РШ |
84(2Рос=411.2)6 |
| i |
Авторский знак |
Г 83 |
| 901 |
Тип документа |
__ |
| a |
Ответственный |
заим. |